| 000 | 01396cam a2200373 a 4500 | ||
|---|---|---|---|
| 999 |
_c8095 _d8095 |
||
| 001 | 14442075 | ||
| 003 | OSt | ||
| 005 | 20230317114052.0 | ||
| 008 | 060707s2007 caua b 001 0 eng d | ||
| 010 | _a 2006930600 | ||
| 015 |
_aGBA668317 _2bnb |
||
| 016 | 7 |
_a013527222 _2Uk |
|
| 020 | _a0761960570 (hbk.) | ||
| 020 | _a9780761960577 (hbk.) | ||
| 020 | _a0761960589 (pbk.) | ||
| 020 | _a9780761960584 (pbk.) | ||
| 035 | _a(CStRLIN)NJPGV5154654-B | ||
| 040 |
_aUKM _cUKM _dBAKER _dYDXCP _dBWKUK _dNjP _dDLC |
||
| 042 | _alccopycat | ||
| 050 | 0 | 0 |
_aBF698 _b.H365 2007 |
| 082 | 0 | 0 |
_a370.153 HAS 2007. _222 |
| 100 | 1 |
_aHaslam, Nick, _d1963- _916500 |
|
| 245 | 1 | 0 |
_aIntroduction to personality and intelligence / _cNick Haslam. |
| 260 |
_aLos Angeles : _bSAGE Publications, _c2007. |
||
| 300 |
_axiv, 322 p. : _bill. ; _c24 cm. |
||
| 440 | 0 |
_aSage foundations of psychology series _916501 |
|
| 504 | _aIncludes bibliographical references (p. [301]-314) and index. | ||
| 650 | 0 |
_aPersonality. _916502 |
|
| 856 | 4 | 2 |
_3Publisher description _uhttp://www.loc.gov/catdir/enhancements/fy0743/2006930600-d.html |
| 856 | 4 | 1 |
_3Table of contents only _uhttp://www.loc.gov/catdir/enhancements/fy0743/2006930600-t.html |
| 906 |
_a7 _bcbc _ccopycat _d2 _encip _f20 _gy-gencatlg |
||
| 942 |
_2ddc _cO_SHELF |
||